书目信息 |
| 题名: |
体育十万个为什么
|
|
| 作者: | 吴丙梁 编著 | |
| 分册: | 上册 | |
| 出版信息: | 上海 少年儿童出版社 1997 |
|
| 页数: | 558页 | |
| 开本: | 19cm | |
| 丛书名: | ||
| 单 册: | ||
| 中图分类: | G8 | |
| 科图分类: | ||
| 主题词: | 体育--青年读物 | |
| 电子资源: | ||
| ISBN: | 7-5324-3189-4 | |
| 000 | 00571nam0 2200205 45 | |
| 001 | 1252982459 | |
| 005 | 20121007144628.39 | |
| 010 | @a7-5324-3189-4@dCNY17.70 | |
| 100 | @a19971007d1997 em y0chiy0121 ea | |
| 101 | 0 | @achi |
| 102 | @aCN@b310000 | |
| 105 | @af z 000yy | |
| 200 | 10 | @a体育十万个为什么@Ati yu shi wan ge wei shen me@h上册@f吴丙梁等编著 |
| 210 | @a上海@c少年儿童出版社@d1997 | |
| 215 | @a558页@c插图@d19cm | |
| 606 | @a体育@x青年读物 | |
| 690 | @aG8@v3 | |
| 701 | 0 | @a吴丙梁@Awu bing liang@4编著 |
| 801 | 0 | @aCN@bTSSF@c19971027 |
| 905 | @a10447@dG8@eJY196:1 | |
| 体育十万个为什么.上册/吴丙梁等编著.-上海:少年儿童出版社,1997 |
| 558页:插图;19cm |
| ISBN 7-5324-3189-4:CNY17.70 |
| ● |
| 相关链接 |
|
|
|
|
正题名:体育十万个为什么
索取号:G8/JY196:1
 
预约/预借
| 序号 | 登录号 | 条形码 | 馆藏地/架位号 | 状态 | 备注 |
| 1 | 7828547 | 278285473 | 学院路分馆/ [索取号:G8/JY196:1] | 在馆 | |
| 2 | 7828548 | 278285482 | 学院路分馆/ [索取号:G8/JY196:1] | 在馆 |